Normal view
MARC view
- DE-MTS-37 DECLASS
Entry Topical Term
001 - CONTROL NUMBER
- control field: 71479
003 - CONTROL NUMBER IDENTIFIER
- control field: NUST
005 - DATE AND TIME OF LATEST TRANSACTION
- control field: 20210628204636.0
008 - FIXED-LENGTH DATA ELEMENTS
- fixed length control field: 210628|| aca||aabn | a|a d
040 ## - CATALOGING SOURCE
- Original cataloging agency: NUST
- Transcribing agency: NUST
150 ## - HEADING--TOPICAL TERM
- Topical term or geographic name entry element: DE-MTS-37 DECLASS
670 ## - SOURCE DATA FOUND
- Source citation: Work cat.: (NUST): NC Haya Ali NC Nayab Javed NC Munadi Sial NC Saifullah 71478, PR-SOF-1784-DEVELOPMENT OF AN AUTONOMOUS SEEDING MECHANISM, 2019
